00713 2200277 4500001002100000005001500021035002000036007000300056008004100059020002200100082001100122084001700133100001700150245006600167260003000233300003700263500001400300500001100314650001200325700001900337504003100356990001200387990001200399990001200411990001200423INLIS00000000000538220200221024912 a0010-0220000100ta200221 e 0 ind  a978-623-01-0196-0 a615.84 a615.84 SRI t0 aSRI, Lestari1 aTeknik Radiografi Medis /cSri Lestari; editor, Aditya Ari C. aYogyakarta :bAndi,c2019 axix, 235 hlm. :bilus. ;c23 cm. aGlosarium aIndeks 4aSINAR X0 aADITYA, Ari C. aBibliografi : hlm. 223-227 a17104 A a17104 B a17104 C a17104 D